|
|
แสดงรายละเอียดบรรณานุกรม |
|
|
Brief Record
: Get Marc (ISO 2709)
: E-mail record
: |
| LEADER 00000nama 2200000uu 4500 | |||
| 008 040531s|||| th m m a000 0 tha d | |||
| 041 tha | |||
| 050 TD195.E4 ม881 | |||
| 100 การไฟฟ้าฝ่ายผลิตแห่งประเทศไทย. | |||
| 245 โงไฟฟ้าแม่เมาะ. | |||
| 260 กองผลิตสื่อประชาสัมพันธ์ ฝ่ายประชาสัมพันธ์ การไฟฟ้าฝ่ายผลิตแห่งประเทศไทย. 2539. | |||
| 300 20หน้า. | |||
| 600 โรงไฟฟ้าพลังน้ำ--ไทย--ลำปาง. | |||
| 650 โรงไฟฟ้าพลังน้ำ--ผลกระทบต่อสิ่งแวดล้อม--ไทย--ลำปาง. | |||
| 995 001 | |||
| คุณยังไม่ได้ล็อกอิน คุณสามารถมีกิจกรรมร่วมกับเว็บไซต์ได้ แต่ต้องล็อกอินก่อน :: |
|
| สถานะ | |||||||||
| 1. | หนังสือทั่วไป | TD195.E4 ม881 | On Shelf ขอยืม | ||||||
| [แสดง 1/1 รายการ] | |||||||||
BibComment |
| คอมเมนท์ทรัพยากรรายการนี้ |
|
|